Welcome to WEB OPAC of MRSPTU Central Library

Convection Heat Transfer (Record no. 6631)

MARC details
000 -LEADER
fixed length control field 00419nam a2200169Ia 4500
008 - FIXED-LENGTH DATA ELEMENTS--GENERAL INFORMATION
fixed length control field 230711s9999||||xx |||||||||||||| ||und||
020 ## - INTERNATIONAL STANDARD BOOK NUMBER
International Standard Book Number 978-81-265-0934-8
041 ## - LANGUAGE CODE
Language code of text/sound track or separate title ENG
082 ## - DEWEY DECIMAL CLASSIFICATION NUMBER
Classification number 621.40225
Item number BE-C
100 ## - MAIN ENTRY--PERSONAL NAME
Personal name Bejan,Adrian
245 #0 - TITLE STATEMENT
Title Convection Heat Transfer
250 ## - EDITION STATEMENT
Edition statement 3rd Ed.
260 ## - PUBLICATION, DISTRIBUTION, ETC.
Date of publication, distribution, etc. 2015
Place of publication, distribution, etc. New Delhi
Name of publisher, distributor, etc. Wiley India Pvt.Ltd
300 ## - PHYSICAL DESCRIPTION
Extent 694p.
650 ## - SUBJECT ADDED ENTRY--TOPICAL TERM
Topical term or geographic name entry element Mechanical Engineering
942 ## - ADDED ENTRY ELEMENTS (KOHA)
Koha item type Book
Holdings
Withdrawn status Lost status Damaged status Not for loan Collection Home library Current library Date acquired Source of acquisition Cost, normal purchase price Inventory number Total checkouts Full call number Barcode Date last seen Price effective from Koha item type
          MRSPTU Central Library MRSPTU Central Library 08/08/2043 Krishna Book Distributors 769.00 KBD/2017-2018/1019243059   621.40225 BE-C 39376 08/17/2023 08/17/2023 Book
          MRSPTU Central Library MRSPTU Central Library 08/08/2043 Krishna Book Distributors 769.00 KBD/2017-2018/1019243059   621.40225 BE-C 39377 08/17/2023 08/17/2023 Book
          MRSPTU Central Library MRSPTU Central Library 08/08/2043 Krishna Book Distributors 769.00 KBD/2017-2018/1019243059   621.40225 BE-C 39378 08/17/2023 08/17/2023 Book
          MRSPTU Central Library MRSPTU Central Library 08/08/2043 Krishna Book Distributors 769.00 KBD/2017-2018/1019243059   621.40225 BE-C 39379 08/17/2023 08/17/2023 Book
          MRSPTU Central Library MRSPTU Central Library 08/08/2043 Krishna Book Distributors 769.00 KBD/2017-2018/1019243059   621.40225 BE-C 39380 08/17/2023 08/17/2023 Book
          MRSPTU Central Library MRSPTU Central Library 08/08/2043 Krishna Book Distributors 769.00 KBD/2017-2018/1019243059   621.40225 BE-C 39381 08/17/2023 08/17/2023 Book

Website Designed and Developed by MRSPTU Central Library Team

E-mail Id: librarian@mrsptu.ac.in